00346nam a2200133Ia 4500008004100000041000800041082002000049100003800069245002900107260003200136300000900168502001800177999001700195230128s9999 xx 000 0 und d aeng aPAT PR0439bPAT aPatil Shital R - 2K911069118917 aPreparation of HR Manual c2011bPune UniversityaPune a133p cSonar Pranita c97215d97215